Central Library OPAC University of Rajshahi

The leaf and the flame / (Record no. 23211)

MARC details
000 -LEADER
fixed length control field 00956cam a22002771 4500
001 - CONTROL NUMBER
control field 23211
003 - CONTROL NUMBER IDENTIFIER
rucl marc code BD-RjUL
005 - DATE AND TIME OF LATEST TRANSACTION
control field 20211209000914.0
008 - FIXED-LENGTH DATA ELEMENTS--GENERAL INFORMATION
fixed length control field 140310s1959 nyu 000 0aeng
035 ## - SYSTEM CONTROL NUMBER
System control number (BD-RjUL)23276
System control number (OCoLC)1253751
040 ## - CATALOGING SOURCE
Original cataloging agency DLC
Transcribing agency FO
Modifying agency OCoLC
-- DLC
-- BD-RjUL
Language of cataloging eng
041 ## - LANGUAGE CODE
Language code of text/sound track or separate title eng
082 ## - DEWEY DECIMAL CLASSIFICATION NUMBER
Classification number 920.5
Author mark and year PAL
100 1# - MAIN ENTRY--PERSONAL NAME
Personal name Parton, Margaret,
Dates associated with a name 1915-1981.
9 (RLIN) 71545
245 14 - TITLE STATEMENT
Title The leaf and the flame /
Statement of responsibility, etc. Margaret,Parton
260 ## - PUBLICATION, DISTRIBUTION, ETC. (IMPRINT)
Place of publication, distribution, etc. New York :
Name of publisher, distributor, etc. Knopf,
Date of publication, distribution, etc. 1959.
300 ## - PHYSICAL DESCRIPTION
Pagination 277 p. ;
Size 22 cm.
500 ## - GENERAL NOTE
General note The author's five years experience in India as a staff correspondent of the New York Herald Tribune and as the wife of a British correspondent.
650 #0 - SUBJECT ADDED ENTRY--TOPICAL TERM
Topical term or geographic name as entry element Foreign correspondents
General subdivision Correspondence, reminiscences, etc.
9 (RLIN) 71546
651 #0 - SUBJECT ADDED ENTRY--GEOGRAPHIC NAME
Geographic name India
General subdivision Description and travel.
9 (RLIN) 71547
Geographic name India
General subdivision Social life and customs.
9 (RLIN) 71548
942 ## - ADDED ENTRY ELEMENTS (KOHA)
Source of classification or shelving scheme Dewey Decimal Classification
Koha item type Books
Holdings
Lost status Source of classification or shelving scheme Damaged status Not for loan Collection code Permanent Location Current Location Shelving location Date acquired Source of acquisition Cost, normal purchase price Total Checkouts Full call number Date last seen Copy number Koha item type
  Dewey Decimal Classification   Added to bundle Non-fiction Central Library, University of Rajshahi Central Library, University of Rajshahi Reading Room 30/03/1974 B.N.B.C. 0.00   920.5 PAL 1960 10/03/2014 C-1 Books